[Event "V4 OPEN - International Championship of Slovakia 2
[Site "Banska Stiavnica"]
[Date "2013.07.12"]
[Round "7"]
[Board "9"]
[White "Bokros, Albert"]
[Black "Korpa, Bence"]
[Result "1-0"]
[WhiteElo "2439"]
[BlackElo "2308"]
[PlyCount "0"]
[EventDate "2013.07.06"]
[EventRounds "9"]
[EventCountry "SVK"]

1. e4 {[%clk 1:30:57]} c5 {[%clk 1:30:51]} 2. Nf3 {[%clk 1:31:13]} Nc6
{[%clk 1:31:12]} 3. g3 {[%clk 1:27:48]} g6 {[%clk 1:29:40]} 4. Bg2
{[%clk 1:25:08]} Bg7 {[%clk 1:29:51]} 5. O-O {[%clk 1:25:32]} d6 {[%clk 1:29:53]}
6. d3 {[%clk 1:23:06]} e5 {[%clk 1:28:53]} 7. c3 {[%clk 1:20:54]} Nge7
{[%clk 1:28:01]} 8. a3 {[%clk 1:19:09]} O-O {[%clk 1:18:22]} 9. b4
{[%clk 1:19:02]} h6 {[%clk 1:15:02]} 10. Be3 {[%clk 1:13:57]} b6 {[%clk 1:14:46]}
11. b5 {[%clk 1:04:01]} Na5 {[%clk 1:13:48]} 12. c4 {[%clk 1:00:21]} f5
{[%clk 1:09:12]} 13. Bd2 {[%clk 0:57:17]} Nb7 {[%clk 1:04:00]} 14. Nc3
{[%clk 0:51:45]} f4 {[%clk 1:00:47]} 15. Nd5 {[%clk 0:40:48]} g5 {[%clk 0:58:27]}
16. Ne1 {[%clk 0:39:24]} Nxd5 {[%clk 0:57:27]} 17. exd5 {[%clk 0:34:55]} g4
{[%clk 0:45:35]} 18. f3 {[%clk 0:28:11]} e4 {[%clk 0:43:45]} 19. dxe4
{[%clk 0:26:53]} Bd4+ {[%clk 0:42:55]} 20. Rf2 {[%clk 0:15:03]} Qf6
{[%clk 0:41:11]} 21. gxf4 {[%clk 0:10:31]} Qh4 {[%clk 0:25:15]} 22. Nd3
{[%clk 0:09:00]} g3 {[%clk 0:24:13]} 23. hxg3 {[%clk 0:08:58]} Qxg3
{[%clk 0:24:38]} 24. Kf1 {[%clk 0:05:35]} Kh7 {[%clk 0:23:05]} 25. Qe1
{[%clk 0:04:16]} Rg8 {[%clk 0:17:10]} 26. Bc3 {[%clk 0:02:01]} Qh2
{[%clk 0:06:30]} 27. Bxd4 {[%clk 0:01:48]} Rxg2 {[%clk 0:05:26]} 28. Rxg2
{[%clk 0:01:42]} Bh3 {[%clk 0:05:50]} 29. Bf2 {[%clk 0:01:40]} Bxg2+
{[%clk 0:05:23]} 30. Ke2 {[%clk 0:02:05]} Qh5 {[%clk 0:05:47]} 31. Kd2
{[%clk 0:02:20]} Qxf3 {[%clk 0:05:20]} 32. e5 {[%clk 0:02:31]} Na5
{[%clk 0:05:08]} 33. Kc3 {[%clk 0:02:27]} Rf8 {[%clk 0:02:58]} 34. Qe3
{[%clk 0:02:18]} dxe5 {[%clk 0:01:22]} 35. Qxf3 {[%clk 0:01:22]} Bxf3
{[%clk 0:01:46]} 36. fxe5 {[%clk 0:01:47]} Be4 {[%clk 0:01:38]} 37. Be3
{[%clk 0:01:56]} Rf3 {[%clk 0:01:36]} 38. Re1 {[%clk 0:02:19]} Kg7
{[%clk 0:01:58]} 39. Bxh6+ {[%clk 0:01:48]} 1-0

[Event "V4 OPEN - International Championship of Slovakia 2
[Site "Banska Stiavnica"]
[Date "2013.07.12"]
[Round "7"]
[Board "11"]
[White "Repka, Christopher"]
[Black "Oszczanowski, Witold"]
[Result "1-0"]
[WhiteElo "2361"]
[BlackElo "1936"]
[PlyCount "0"]
[EventDate "2013.07.06"]
[EventRounds "9"]
[EventCountry "SVK"]

1. Nf3 {[%clk 1:30:53]} Nf6 {[%clk 1:29:33]} 2. d4 {[%clk 1:30:18]} e6
{[%clk 1:29:23]} 3. Bf4 {[%clk 1:30:39]} b6 {[%clk 1:24:50]} 4. e3
{[%clk 1:31:05]} Bb7 {[%clk 1:23:26]} 5. Bd3 {[%clk 1:31:31]} Be7
{[%clk 1:20:37]} 6. O-O {[%clk 1:31:48]} O-O {[%clk 1:15:40]} 7. c4
{[%clk 1:31:21]} d5 {[%clk 1:11:33]} 8. Nc3 {[%clk 1:31:24]} a6 {[%clk 1:05:30]}
9. cxd5 {[%clk 1:31:20]} exd5 {[%clk 1:04:47]} 10. Rc1 {[%clk 1:31:44]} Nbd7
{[%clk 0:59:05]} 11. Qe2 {[%clk 1:22:30]} c5 {[%clk 0:58:02]} 12. dxc5
{[%clk 1:22:52]} Nxc5 {[%clk 0:56:06]} 13. Bb1 {[%clk 1:22:30]} Nfe4
{[%clk 0:43:05]} 14. Nxe4 {[%clk 1:02:49]} dxe4 {[%clk 0:43:08]} 15. Rfd1
{[%clk 1:02:12]} exf3 {[%clk 0:32:32]} 16. Qc2 {[%clk 1:01:58]} Be4
{[%clk 0:32:13]} 17. Rxd8 {[%clk 1:00:17]} Bxc2 {[%clk 0:30:19]} 18. Rxa8
{[%clk 1:00:15]} Rxa8 {[%clk 0:30:25]} 19. Bxc2 {[%clk 1:00:39]} fxg2
{[%clk 0:30:29]} 20. Kxg2 {[%clk 1:00:13]} Bf6 {[%clk 0:27:47]} 21. b4
{[%clk 0:59:46]} Ne6 {[%clk 0:28:06]} 22. Bg3 {[%clk 1:00:13]} a5
{[%clk 0:20:18]} 23. Be4 {[%clk 0:57:57]} Rd8 {[%clk 0:19:52]} 24. Rc6
{[%clk 0:55:11]} axb4 {[%clk 0:19:37]} 25. Rxb6 {[%clk 0:55:36]} Be7 26. Bf5
{[%clk 0:54:45]} Nf8 {[%clk 0:09:32]} 27. Bc2 {[%clk 0:51:55]} Rd2
{[%clk 0:05:32]} 28. Bb3 {[%clk 0:52:14]} Bc5 {[%clk 0:05:43]} 29. Rb8
{[%clk 0:50:42]} g6 {[%clk 0:04:37]} 30. Kf3 {[%clk 0:46:13]} Kg7
{[%clk 0:04:04]} 31. Rb7 {[%clk 0:46:02]} Rd7 {[%clk 0:04:23]} 32. Rxd7
{[%clk 0:43:08]} Nxd7 {[%clk 0:04:53]} 33. Ke4 {[%clk 0:43:37]} Nb6
{[%clk 0:05:01]} 34. Be5+ {[%clk 0:43:58]} Kf8 {[%clk 0:01:57]} 35. Bd4
{[%clk 0:43:22]} Nd7 {[%clk 0:01:56]} 36. Bxc5+ {[%clk 0:43:01]} Nxc5+
{[%clk 0:02:24]} 37. Kd4 {[%clk 0:43:23]} Nd7 {[%clk 0:02:37]} 38. Kc4
{[%clk 0:42:31]} Ne5+ {[%clk 0:03:01]} 39. Kxb4 {[%clk 0:42:55]} Ng4
{[%clk 0:03:15]} 40. a4 {[%clk 0:42:53]} Ke7 {[%clk 0:03:02]} 41. a5
{[%clk 0:42:21]} Kd6 {[%clk 0:02:18]} 42. a6 {[%clk 0:42:16]} Kc6
{[%clk 0:01:51]} 43. Ka5 {[%clk 0:42:30]} Nf6 {[%clk 0:01:55]} 44. Bxf7
{[%clk 0:42:27]} Kc7 {[%clk 0:00:45]} 45. e4 {[%clk 0:42:52]} 1-0

[Event "V4 OPEN - International Championship of Slovakia 2
[Site "Banska Stiavnica"]
[Date "2013.07.12"]
[Round "7"]
[Board "12"]
[White "Holtman, Teodor"]
[Black "Jurcik, Martin"]
[Result "1/2-1/2"]
[WhiteElo "1725"]
[BlackElo "2358"]
[PlyCount "0"]
[EventDate "2013.07.06"]
[EventRounds "9"]
[EventCountry "SVK"]

1. e4 {[%clk 1:30:57]} c5 {[%clk 1:30:46]} 2. Nf3 {[%clk 1:31:19]} e6
{[%clk 1:30:58]} 3. d4 {[%clk 1:31:29]} cxd4 {[%clk 1:31:20]} 4. Nxd4
{[%clk 1:31:53]} a6 {[%clk 1:31:34]} 5. Nc3 {[%clk 1:31:36]} Qc7 {[%clk 1:31:42]}
6. Bd3 {[%clk 1:31:49]} Nf6 {[%clk 1:31:04]} 7. O-O {[%clk 1:30:31]} Nc6
{[%clk 1:30:58]} 8. Nxc6 {[%clk 1:30:47]} dxc6 {[%clk 1:31:18]} 9. Qe2
{[%clk 1:25:07]} e5 {[%clk 1:29:59]} 10. Kh1 {[%clk 1:20:18]} Bd6
{[%clk 1:11:13]} 11. f3 {[%clk 1:12:19]} Be6 {[%clk 1:04:20]} 12. Be3
{[%clk 1:08:40]} b5 {[%clk 0:58:40]} 13. Qf2 {[%clk 1:00:34]} O-O
{[%clk 0:58:02]} 14. Rfd1 {[%clk 0:55:08]} Be7 {[%clk 0:46:43]} 15. b3
{[%clk 0:39:44]} Nd7 {[%clk 0:28:57]} 16. Ne2 {[%clk 0:24:17]} Rfd8
{[%clk 0:27:28]} 17. c4 {[%clk 0:23:08]} b4 {[%clk 0:23:34]} 18. c5
{[%clk 0:21:55]} a5 {[%clk 0:23:28]} 19. Rac1 {[%clk 0:20:04]} Nf8
{[%clk 0:19:28]} 20. Qg1 {[%clk 0:19:01]} Rd7 {[%clk 0:18:48]} 21. Ng3
{[%clk 0:15:47]} g6 {[%clk 0:18:02]} 22. Bc4 {[%clk 0:13:32]} Rxd1
{[%clk 0:17:34]} 23. Qxd1 {[%clk 0:13:59]} Bxc4 {[%clk 0:17:01]} 24. Rxc4
{[%clk 0:14:28]} Rd8 {[%clk 0:17:13]} 25. Qe2 {[%clk 0:13:54]} Qd7
{[%clk 0:15:36]} 26. Nf1 {[%clk 0:13:27]} Qd1 {[%clk 0:01:22]} 27. Qf2
{[%clk 0:13:54]} Ne6 {[%clk 0:00:46]} 28. Rc1 {[%clk 0:13:06]} Qd3
{[%clk 0:01:15]} 29. Rc2 {[%clk 0:09:29]} f6 {[%clk 0:00:54]} 30. g3
{[%clk 0:06:57]} Kg7 {[%clk 0:00:36]} 31. Kg2 {[%clk 0:06:23]} Qb5
{[%clk 0:00:36]} 32. Rc4 {[%clk 0:05:35]} a4 {[%clk 0:00:34]} 33. f4
{[%clk 0:04:43]} exf4 {[%clk 0:00:38]} 34. gxf4 {[%clk 0:05:12]} axb3
{[%clk 0:00:57]} 35. axb3 {[%clk 0:05:41]} Rd3 {[%clk 0:00:57]} 36. Qc2
{[%clk 0:05:39]} Rc3 {[%clk 0:00:42]} 37. Rxc3 {[%clk 0:04:36]} bxc3
{[%clk 0:01:11]} 38. Qxc3 {[%clk 0:03:42]} Bxc5 {[%clk 0:00:58]} 39. Ng3
{[%clk 0:00:55]} Bxe3 {[%clk 0:00:44]} 40. Qxe3 {[%clk 0:01:24]} Qc5
{[%clk 0:00:34]} 41. Qd2 {[%clk 0:24:43]} Qd4 {[%clk 0:30:16]} 42. Qc1
{[%clk 0:23:56]} Qc5 {[%clk 0:30:12]} 43. Qd2 {[%clk 0:23:59]} Qd4
{[%clk 0:30:35]} 44. Qc1 {[%clk 0:24:26]} c5 {[%clk 0:20:50]} 45. f5
{[%clk 0:21:18]} Ng5 {[%clk 0:21:03]} 46. Qc2 {[%clk 0:21:20]} Qe3
{[%clk 0:17:30]} 47. Qf2 {[%clk 0:13:22]} Qxb3 {[%clk 0:10:06]} 48. h4
{[%clk 0:13:13]} Nf7 {[%clk 0:08:29]} 1/2-1/2

[Event "V4 OPEN - International Championship of Slovakia 2
[Site "Banska Stiavnica"]
[Date "2013.07.12"]
[Round "7"]
[Board "13"]
[White "Borosova, Zuzana"]
[Black "Fodor, Tamas Jr."]
[Result "1/2-1/2"]
[WhiteElo "2265"]
[BlackElo "2455"]
[PlyCount "0"]
[EventDate "2013.07.06"]
[EventRounds "9"]
[EventCountry "SVK"]

1. e4 {[%clk 1:25:43]} e6 {[%clk 1:30:56]} 2. d4 {[%clk 1:25:30]} d5
{[%clk 1:31:21]} 3. Nc3 {[%clk 1:25:36]} Bb4 {[%clk 1:31:45]} 4. e5
{[%clk 1:25:35]} Ne7 {[%clk 1:32:09]} 5. a3 {[%clk 1:24:45]} Bxc3+
{[%clk 1:32:32]} 6. bxc3 {[%clk 1:25:12]} b6 {[%clk 1:32:54]} 7. Qg4
{[%clk 1:23:03]} Ng6 {[%clk 1:32:49]} 8. h4 {[%clk 1:20:23]} h5 {[%clk 1:33:13]}
9. Qg3 {[%clk 1:20:44]} Ba6 {[%clk 1:33:36]} 10. Bxa6 {[%clk 1:16:54]} Nxa6
{[%clk 1:33:40]} 11. Ne2 {[%clk 1:15:02]} c5 {[%clk 1:29:53]} 12. Nf4
{[%clk 1:14:20]} Nxf4 {[%clk 1:30:12]} 13. Bxf4 {[%clk 1:14:25]} g6
{[%clk 1:29:59]} 14. Bg5 {[%clk 1:11:24]} Qd7 {[%clk 1:30:07]} 15. Bf6
{[%clk 1:09:32]} Rg8 {[%clk 1:27:24]} 16. a4 {[%clk 1:08:05]} cxd4
{[%clk 1:14:52]} 17. cxd4 {[%clk 1:07:48]} Nb4 {[%clk 1:15:17]} 18. Qb3
{[%clk 0:51:57]} Nc6 {[%clk 1:15:40]} 19. c3 {[%clk 0:44:13]} Na5
{[%clk 1:15:50]} 20. Qb5 {[%clk 0:43:04]} Rc8 {[%clk 1:15:42]} 21. Ra3
{[%clk 0:42:32]} Rc4 {[%clk 1:14:23]} 22. Qxd7+ {[%clk 0:37:23]} Kxd7
{[%clk 1:14:43]} 23. Ke2 {[%clk 0:37:44]} Kc6 {[%clk 1:11:32]} 24. f3
{[%clk 0:35:52]} Kb7 {[%clk 1:10:14]} 25. g4 {[%clk 0:26:42]} Rcc8
{[%clk 1:10:38]} 26. Rb1 {[%clk 0:24:28]} Ka6 {[%clk 1:08:14]} 27. Kd3
{[%clk 0:24:13]} Nc6 {[%clk 1:07:49]} 28. Rab3 {[%clk 0:16:34]} Na5
{[%clk 1:03:43]} 29. Ra3 {[%clk 0:16:53]} Nc6 {[%clk 1:00:25]} 30. Rab3
{[%clk 0:17:00]} Na5 {[%clk 0:56:33]} 1/2-1/2

[Event "V4 OPEN - International Championship of Slovakia 2
[Site "Banska Stiavnica"]
[Date "2013.07.12"]
[Round "7"]
[Board "14"]
[White "Mandak, Miroslav"]
[Black "Gledura, Benjamin"]
[Result "0-1"]
[WhiteElo "1996"]
[BlackElo "2421"]
[PlyCount "0"]
[EventDate "2013.07.06"]
[EventRounds "9"]
[EventCountry "SVK"]

1. Nf3 {[%clk 1:30:49]} g6 {[%clk 1:30:50]} 2. g3 {[%clk 1:30:54]} Bg7
{[%clk 1:31:06]} 3. Bg2 {[%clk 1:31:12]} e5 {[%clk 1:31:23]} 4. d3
{[%clk 1:30:28]} Ne7 {[%clk 1:30:57]} 5. O-O {[%clk 1:28:55]} O-O
{[%clk 1:29:20]} 6. c3 {[%clk 1:27:57]} d6 {[%clk 1:27:07]} 7. Qc2
{[%clk 1:21:31]} c5 {[%clk 1:22:27]} 8. c4 {[%clk 1:15:32]} Nbc6 {[%clk 1:20:27]}
9. Nc3 {[%clk 1:14:04]} h6 {[%clk 1:16:31]} 10. h3 {[%clk 1:09:42]} Be6
{[%clk 1:15:28]} 11. Bd2 {[%clk 1:04:43]} Qd7 {[%clk 1:13:17]} 12. Kh2
{[%clk 1:04:59]} Rac8 {[%clk 1:08:18]} 13. Rad1 {[%clk 0:56:19]} f5
{[%clk 1:01:58]} 14. e3 {[%clk 0:48:39]} g5 {[%clk 0:55:19]} 15. Ng1
{[%clk 0:41:08]} Nb4 {[%clk 0:32:37]} 16. Qb1 {[%clk 0:38:32]} e4
{[%clk 0:32:22]} 17. dxe4 {[%clk 0:36:55]} Bxc4 {[%clk 0:32:03]} 18. Nge2
{[%clk 0:32:47]} Bd3 {[%clk 0:30:52]} 19. Qa1 {[%clk 0:30:05]} fxe4
{[%clk 0:23:28]} 20. Bxe4 {[%clk 0:23:06]} Bxc3 {[%clk 0:20:14]} 21. Bxd3
{[%clk 0:23:04]} Nxd3 {[%clk 0:20:30]} 22. Nxc3 {[%clk 0:18:50]} Nxf2
{[%clk 0:20:00]} 23. g4 {[%clk 0:15:17]} Nxd1 {[%clk 0:18:45]} 24. Qxd1
{[%clk 0:14:43]} Qe6 {[%clk 0:18:36]} 25. e4 {[%clk 0:13:55]} Qe5+
{[%clk 0:16:51]} 26. Kg2 {[%clk 0:14:11]} Ng6 {[%clk 0:16:25]} 27. Qb3+
{[%clk 0:13:40]} Kh8 {[%clk 0:16:20]} 28. Rf5 {[%clk 0:12:58]} Nh4+
{[%clk 0:16:42]} 29. Kh1 {[%clk 0:12:55]} Qg3 {[%clk 0:16:43]} 30. Ne2
{[%clk 0:11:44]} Qg2# {[%clk 0:17:02]} 0-1

[Event "V4 OPEN - International Championship of Slovakia 2
[Site "Banska Stiavnica"]
[Date "2013.07.12"]
[Round "7"]
[Board "15"]
[White "Talla, Vladimir"]
[Black "Jarmula, Lukasz"]
[Result "1-0"]
[WhiteElo "2394"]
[BlackElo "2261"]
[PlyCount "0"]
[EventDate "2013.07.06"]
[EventRounds "9"]
[EventCountry "SVK"]

1. d4 {[%clk 1:30:49]} Nf6 {[%clk 1:30:52]} 2. c4 {[%clk 1:31:15]} e6
{[%clk 1:26:11]} 3. Nc3 {[%clk 1:31:41]} Bb4 {[%clk 1:26:34]} 4. e3
{[%clk 1:32:06]} O-O {[%clk 1:26:49]} 5. Bd3 {[%clk 1:30:37]} d5 {[%clk 1:24:57]}
6. Nf3 {[%clk 1:31:02]} c5 {[%clk 1:24:34]} 7. O-O {[%clk 1:31:26]} dxc4
{[%clk 1:24:20]} 8. Bxc4 {[%clk 1:31:50]} cxd4 {[%clk 1:24:35]} 9. exd4
{[%clk 1:32:14]} b6 {[%clk 1:23:57]} 10. Bg5 {[%clk 1:27:07]} Bb7
{[%clk 1:23:14]} 11. Rc1 {[%clk 1:24:57]} Bxc3 {[%clk 1:11:15]} 12. bxc3
{[%clk 1:20:42]} Nbd7 {[%clk 1:10:26]} 13. Bd3 {[%clk 1:16:41]} Qc7
{[%clk 1:09:53]} 14. Bh4 {[%clk 1:13:23]} Be4 {[%clk 0:55:40]} 15. Re1
{[%clk 1:11:18]} Bxd3 {[%clk 0:52:20]} 16. Qxd3 {[%clk 1:11:43]} Rac8
{[%clk 0:52:33]} 17. c4 {[%clk 1:11:37]} Qf4 {[%clk 0:43:34]} 18. Bg3
{[%clk 1:09:58]} Qg4 {[%clk 0:42:20]} 19. Qa3 {[%clk 1:02:37]} a5
{[%clk 0:39:00]} 20. c5 {[%clk 1:00:45]} bxc5 {[%clk 0:31:38]} 21. dxc5
{[%clk 1:01:07]} Qb4 {[%clk 0:27:47]} 22. Qxb4 {[%clk 1:01:19]} axb4
{[%clk 0:28:11]} 23. c6 {[%clk 1:01:42]} Nb8 {[%clk 0:25:11]} 24. c7
{[%clk 1:01:07]} Na6 {[%clk 0:24:41]} 25. Rc6 {[%clk 0:32:01]} Ra8
{[%clk 0:25:03]} 26. Rec1 {[%clk 0:32:24]} Rfc8 {[%clk 0:25:19]} 27. Nd4
{[%clk 0:32:29]} Nd5 {[%clk 0:22:38]} 28. Nb5 {[%clk 0:31:48]} Kf8
{[%clk 0:21:41]} 29. Bh4 {[%clk 0:26:14]} Naxc7 {[%clk 0:13:46]} 30. Bg3
{[%clk 0:23:00]} Nxb5 {[%clk 0:13:49]} 31. Rxc8+ {[%clk 0:23:27]} Rxc8
{[%clk 0:14:12]} 32. Rxc8+ {[%clk 0:23:53]} Ke7 {[%clk 0:14:35]} 33. Rb8
{[%clk 0:20:01]} Nbc3 {[%clk 0:13:10]} 34. Rb7+ {[%clk 0:20:25]} Kf6
{[%clk 0:12:25]} 35. Ra7 {[%clk 0:20:49]} Nb5 {[%clk 0:11:25]} 36. Ra8
{[%clk 0:18:31]} Na3 {[%clk 0:11:11]} 37. Bd6 {[%clk 0:17:15]} Nb5
{[%clk 0:06:37]} 38. Bf8 {[%clk 0:13:59]} Nbc3 {[%clk 0:05:54]} 39. Kf1
{[%clk 0:14:01]} Ke5 {[%clk 0:04:44]} 40. Bxg7+ {[%clk 0:10:26]} f6
{[%clk 0:04:12]} 41. Bf8 {[%clk 0:07:56]} Kd4 {[%clk 0:04:16]} 42. h4
{[%clk 0:08:00]} h5 {[%clk 0:02:45]} 43. g4 {[%clk 0:07:35]} hxg4
{[%clk 0:01:13]} 44. h5 {[%clk 0:06:44]} Ne4 {[%clk 0:00:36]} 45. h6
{[%clk 0:05:49]} Ng5 {[%clk 0:30:20]} 46. Ra7 {[%clk 0:36:28]} Kc3
{[%clk 0:27:04]} 47. Rg7 {[%clk 0:35:56]} Nf4 {[%clk 0:27:03]} 48. Bd6
{[%clk 0:36:02]} e5 {[%clk 0:27:04]} 49. Rxg5 {[%clk 0:35:37]} 1-0

[Event "V4 OPEN - International Championship of Slovakia 2
[Site "Banska Stiavnica"]
[Date "2013.07.12"]
[Round "7"]
[Board "16"]
[White "Repkova, Eva"]
[Black "Mukashev, Assan"]
[Result "1/2-1/2"]
[WhiteElo "2374"]
[BlackElo "2247"]
[PlyCount "0"]
[EventDate "2013.07.06"]
[EventRounds "9"]
[EventCountry "SVK"]

1. e4 {[%clk 1:30:58]} e6 {[%clk 1:30:51]} 2. d4 {[%clk 1:31:25]} c5
{[%clk 1:31:15]} 3. Nf3 {[%clk 1:31:38]} cxd4 {[%clk 1:31:39]} 4. Nxd4
{[%clk 1:32:07]} Nf6 {[%clk 1:32:00]} 5. Nc3 {[%clk 1:32:35]} Nc6
{[%clk 1:32:23]} 6. Be3 {[%clk 1:32:13]} Bb4 {[%clk 1:32:48]} 7. Nxc6
{[%clk 1:21:22]} bxc6 {[%clk 1:32:25]} 8. Qd3 {[%clk 1:19:06]} Ng4
{[%clk 1:15:07]} 9. Bd2 {[%clk 1:11:56]} Bc5 {[%clk 1:14:08]} 10. Nd1
{[%clk 1:12:21]} Qh4 {[%clk 1:01:35]} 11. Qg3 {[%clk 0:59:04]} Qxg3
{[%clk 1:01:45]} 12. hxg3 {[%clk 0:59:33]} d5 {[%clk 0:59:56]} 13. Be2
{[%clk 0:59:20]} Nf6 {[%clk 1:00:16]} 14. e5 {[%clk 0:59:23]} Nd7
{[%clk 1:00:42]} 15. f4 {[%clk 0:59:22]} f6 {[%clk 1:00:02]} 16. exf6
{[%clk 0:57:55]} Nxf6 {[%clk 0:59:53]} 17. Nc3 {[%clk 0:57:15]} Rb8
{[%clk 1:00:17]} 18. g4 {[%clk 0:56:58]} d4 {[%clk 0:59:18]} 19. Na4
{[%clk 0:57:17]} Bd6 {[%clk 0:59:41]} 20. Bf3 {[%clk 0:51:45]} Bd7
{[%clk 0:59:17]} 21. b3 {[%clk 0:46:48]} Nd5 {[%clk 0:57:02]} 22. g3
{[%clk 0:45:58]} e5 {[%clk 0:42:18]} 23. O-O-O {[%clk 0:39:21]} O-O
{[%clk 0:40:05]} 24. c4 {[%clk 0:36:01]} Nf6 {[%clk 0:26:33]} 25. fxe5
{[%clk 0:33:55]} Bxe5 {[%clk 0:26:54]} 26. Nc5 {[%clk 0:34:15]} Rbc8
{[%clk 0:23:18]} 27. Nxd7 {[%clk 0:15:37]} Nxd7 {[%clk 0:23:44]} 28. Be4
{[%clk 0:16:05]} g6 {[%clk 0:24:01]} 29. Bf4 {[%clk 0:14:11]} Bxf4+
{[%clk 0:23:53]} 30. gxf4 {[%clk 0:14:40]} Rxf4 {[%clk 0:24:18]} 31. Rxd4
{[%clk 0:14:56]} Nf6 {[%clk 0:24:45]} 32. Bf5 {[%clk 0:11:21]} 1/2-1/2

[Event "V4 OPEN - International Championship of Slovakia 2
[Site "Banska Stiavnica"]
[Date "2013.07.12"]
[Round "7"]
[Board "17"]
[White "Pinter, Erik"]
[Black "Peitl, Tomas"]
[Result "1/2-1/2"]
[WhiteElo "2364"]
[BlackElo "2211"]
[PlyCount "0"]
[EventDate "2013.07.06"]
[EventRounds "9"]
[EventCountry "SVK"]

1. e4 {[%clk 1:30:57]} e6 {[%clk 1:30:33]} 2. d3 {[%clk 1:30:26]} d5
{[%clk 1:30:56]} 3. Nd2 {[%clk 1:30:52]} Nf6 {[%clk 1:29:34]} 4. g3
{[%clk 1:31:05]} b6 {[%clk 1:29:00]} 5. Bg2 {[%clk 1:29:51]} Bb7 {[%clk 1:29:16]}
6. Ngf3 {[%clk 1:23:44]} h6 {[%clk 1:23:06]} 7. exd5 {[%clk 1:03:53]} Bxd5
{[%clk 1:20:55]} 8. O-O {[%clk 1:02:02]} Bd6 {[%clk 1:13:32]} 9. b3
{[%clk 0:59:35]} O-O {[%clk 1:13:17]} 10. Bb2 {[%clk 0:59:33]} Nbd7
{[%clk 1:12:56]} 11. Nc4 {[%clk 0:54:36]} Be7 {[%clk 1:11:42]} 12. Nd4
{[%clk 0:53:12]} Bxg2 {[%clk 1:10:45]} 13. Kxg2 {[%clk 0:53:33]} c5
{[%clk 1:06:48]} 14. Nc6 {[%clk 0:52:30]} Qe8 {[%clk 1:07:10]} 15. Re1
{[%clk 0:38:34]} Nd5 {[%clk 0:51:44]} 16. Qf3 {[%clk 0:37:04]} N7f6
{[%clk 0:51:17]} 17. Nxe7+ {[%clk 0:35:02]} Qxe7 {[%clk 0:51:38]} 18. g4
{[%clk 0:31:50]} b5 {[%clk 0:48:54]} 19. Ne5 {[%clk 0:31:06]} Nh7
{[%clk 0:45:06]} 20. c4 {[%clk 0:22:17]} Nb4 {[%clk 0:40:58]} 21. Re2
{[%clk 0:22:39]} bxc4 {[%clk 0:39:38]} 22. dxc4 {[%clk 0:20:23]} Ng5
{[%clk 0:35:53]} 23. Qe3 {[%clk 0:18:30]} f5 {[%clk 0:30:05]} 24. f3
{[%clk 0:12:26]} fxg4 {[%clk 0:26:13]} 25. fxg4 {[%clk 0:12:53]} Qb7+
{[%clk 0:25:02]} 26. Kg1 {[%clk 0:06:21]} Rad8 {[%clk 0:15:39]} 27. h4
{[%clk 0:04:10]} Rd3 {[%clk 0:11:36]} 28. Nxd3 {[%clk 0:04:10]} Nf3+
{[%clk 0:11:37]} 29. Kh1 {[%clk 0:04:03]} Nxh4+ {[%clk 0:02:36]} 30. Kg1
{[%clk 0:04:15]} Nf3+ {[%clk 0:03:00]} 31. Kh1 {[%clk 0:04:41]} Ng5+
{[%clk 0:02:04]} 32. Kh2 {[%clk 0:01:59]} Rf3 {[%clk 0:01:41]} 33. Nxb4
{[%clk 0:02:18]} Rxe3 {[%clk 0:00:54]} 34. Rxe3 {[%clk 0:02:42]} cxb4
{[%clk 0:00:47]} 35. Rd1 {[%clk 0:02:38]} Qf7 {[%clk 0:00:43]} 36. Kg3
{[%clk 0:02:31]} Qg6 {[%clk 0:01:02]} 37. Rd8+ {[%clk 0:02:03]} Kh7
{[%clk 0:00:39]} 38. Rd7 {[%clk 0:01:59]} Ne4+ {[%clk 0:00:54]} 39. Rxe4
{[%clk 0:00:39]} Qxe4 {[%clk 0:01:19]} 40. Rxg7+ {[%clk 0:00:58]} Kh8
{[%clk 0:01:44]} 41. Rg5+ {[%clk 0:00:50]} Kh7 {[%clk 0:01:23]} 42. Rg7+
{[%clk 0:01:12]} Kh8 {[%clk 0:01:50]} 43. Rg5+ {[%clk 0:01:36]} Kh7
{[%clk 0:02:13]} 1/2-1/2

[Event "V4 OPEN - International Championship of Slovakia 2
[Site "Banska Stiavnica"]
[Date "2013.07.12"]
[Round "7"]
[Board "18"]
[White "Nemeth, Denes"]
[Black "Motuz, Karol"]
[Result "1-0"]
[WhiteElo "2257"]
[BlackElo "2361"]
[PlyCount "0"]
[EventDate "2013.07.06"]
[EventRounds "9"]
[EventCountry "SVK"]

1. d4 {[%clk 1:24:33]} e6 {[%clk 1:29:32]} 2. c4 {[%clk 1:24:44]} f5
{[%clk 1:29:22]} 3. g3 {[%clk 1:24:51]} Nf6 {[%clk 1:29:44]} 4. Bg2
{[%clk 1:25:11]} c6 {[%clk 1:29:31]} 5. Nf3 {[%clk 1:23:57]} d5 {[%clk 1:29:48]}
6. O-O {[%clk 1:24:03]} Bd6 {[%clk 1:30:09]} 7. Nbd2 {[%clk 1:22:28]} Nbd7
{[%clk 1:29:09]} 8. b3 {[%clk 1:21:36]} O-O {[%clk 1:29:06]} 9. Bb2
{[%clk 1:21:39]} Ne4 {[%clk 1:27:26]} 10. Qc2 {[%clk 1:12:06]} Qe7
{[%clk 1:27:28]} 11. Ne5 {[%clk 1:11:56]} Nxe5 {[%clk 1:25:00]} 12. dxe5
{[%clk 1:12:19]} Bc5 {[%clk 1:23:38]} 13. e3 {[%clk 1:02:50]} b6 {[%clk 1:10:52]}
14. Bd4 {[%clk 0:54:23]} Ba6 {[%clk 0:57:26]} 15. Rfd1 {[%clk 0:52:48]} Rac8
{[%clk 0:55:49]} 16. Bf1 {[%clk 0:46:39]} Bb7 {[%clk 0:53:08]} 17. Nf3
{[%clk 0:35:37]} Bxd4 {[%clk 0:47:19]} 18. Nxd4 {[%clk 0:31:47]} c5
{[%clk 0:42:34]} 19. Ne2 {[%clk 0:31:37]} dxc4 {[%clk 0:40:52]} 20. h4
{[%clk 0:28:24]} cxb3 {[%clk 0:17:38]} 21. axb3 {[%clk 0:28:48]} a5
{[%clk 0:17:07]} 22. Bg2 {[%clk 0:11:51]} c4 {[%clk 0:12:27]} 23. f3
{[%clk 0:10:04]} Nc5 {[%clk 0:09:22]} 24. bxc4 {[%clk 0:10:29]} Qc7
{[%clk 0:09:21]} 25. Rd6 {[%clk 0:09:34]} Nd7 {[%clk 0:04:57]} 26. Qb2
{[%clk 0:09:46]} Ba6 27. Rad1 {[%clk 0:06:52]} Rf7 {[%clk 0:04:46]} 28. Qd4
{[%clk 0:04:54]} Bxc4 {[%clk 0:04:25]} 29. Nf4 {[%clk 0:04:35]} Nf8
{[%clk 0:04:02]} 30. Rxb6 {[%clk 0:04:23]} a4 {[%clk 0:04:02]} 31. Rc1
{[%clk 0:04:00]} Nd7 {[%clk 0:02:35]} 32. Rd6 {[%clk 0:03:46]} a3
{[%clk 0:02:06]} 33. Nxe6 {[%clk 0:03:41]} Qa5 {[%clk 0:01:27]} 34. Rxd7
{[%clk 0:03:24]} a2 {[%clk 0:01:03]} 35. Rxf7 {[%clk 0:01:39]} Qa3
{[%clk 0:00:45]} 36. Rxg7+ Kh8 37. Rxh7+ {[%clk 0:01:06]} Kg8 {[%clk 0:01:21]}
38. Qd7 {[%clk 0:00:41]} 1-0